000 00598nam a2200169 a 4500
008 130615s1999 ||||||||||||||||| || u
020 _a0521389518
050 _aQH 541 Cha
100 _aReiss, M. J
245 1 0 _aEcology: principles and applications. (2nd ed.)
_cby J. L. Chapman and M. J. Reiss
250 _a2nd ed.
260 _aCambridge:
_bCambridge University Press
_c1999
300 _avi, 330p. : ill.
650 _aECOLOGY
700 _aChapman, J. L
995 _FCBU-MAIN LIBRARY (Kitwe)
_M1
_UAVAILABLE
_WJun 15, 2013
_ZShort Loan Collection
999 _c40717
_d40717